| 000 | 00971nam a2200277 i 4500 | ||
|---|---|---|---|
| 001 | 000027563 | ||
| 003 | DO-SdBNP | ||
| 005 | 20240910155447.0 | ||
| 007 | ta | ||
| 008 | 110401s1996 dr c 000 0 spa d | ||
| 040 |
_aDO-SdBNP _bspa _cBNPHU _erda |
||
| 082 | 4 |
_a972.94 _bF316h _222 |
|
| 100 | 1 |
_aFéliz, Carlos Julio, _d1958- _917698 _4aut. _eautor |
|
| 245 | 1 | 0 |
_aHaití entre la sangre y la invasión : _blas relaciones de dos estados / _cCarlos Julio Féliz ; prólogo, Rubén Selié. |
| 264 |
_aSanto Domingo : _bEditor Conadex, _c1996. |
||
| 300 |
_a142 páginas : _bilustraciones ; _c22 cm. |
||
| 336 |
_atexto _btxt _2rdacontent |
||
| 337 |
_asin mediación _bn _2rdamedia |
||
| 338 |
_avolumen _bnc _2rdacarrier |
||
| 504 | _aBibliografía : páginas 139-142. | ||
| 590 | _aInventariado, 2024/BT | ||
| 651 | 4 |
_aHaití _xHistoria _98418 |
|
| 700 | 1 |
_aSelié, Rubén, _eprólogo _954653 _4pról. |
|
| 910 | _aValidado. Control de calidad MMOLINA | ||
| 942 |
_2ddc _cLBS1 |
||
| 999 |
_c27055 _d27055 |
||